Competing in time : Using telecommunication for competitive advantage

Uloženo v:
Podrobná bibliografie
Hlavní autor: Keen, Peter G. W.
Médium: Kniha
Jazyk:Undetermined
Vydáno: Cambridge Ballinger Publishing Company 1986
Témata:
Tagy: Přidat tag
Žádné tagy, Buďte první, kdo otaguje tento záznam!
Thư viện lưu trữ: Trung tâm Học liệu Trường Đại học Cần Thơ
LEADER 00568nam a2200193Ia 4500
001 CTU_84177
008 210402s9999 xx 000 0 und d
082 |a 658.4 
082 |b K26 
100 |a Keen, Peter G. W. 
245 0 |a Competing in time : 
245 0 |b Using telecommunication for competitive advantage 
245 0 |c Peter G. W. Keen 
260 |a Cambridge 
260 |b Ballinger Publishing Company 
260 |c 1986 
650 |a Telecommunication, cambridge,1988 
904 |i Qhieu(sửa) 
980 |a Trung tâm Học liệu Trường Đại học Cần Thơ